000 00776nam a2200229Ia 4500
003 OSt
005 20221005123610.0
006 a|||||r|||| 00| 0
007 ta
008 221004b |||||||| |||| 00| 0 eng d
024 _a70357
037 _cTextual
040 _aCRL
_cCRL
_beng
041 _2eng
_aeng
082 _aY1:1.2RS, K7
100 _aIndras
_9633882
245 0 _aLost Sarasvati
_b Presenting a study of the new personality of early India as emerging from a functional-historical integration of recent data on human ecology, archaeology, anthropology, linguistics and literature bearing on the Sarasvati, the lost river
260 _c1967
650 _aSOCIOLOGY
942 _hY1:1.2RS, K7
_cTEXL
_2cc
999 _c1047884
_d1047884